[Event "Regionalliga Nord-West 1819"]
[Site "Bayern"]
[Date "2019.03.24"]
[Round "8.4"]
[White "Roth, Jakob"]
[Black "Gould, Charles"]
[Result "1/2-1/2"]
[WhiteElo "1973"]
[BlackElo "1883"]
[PlyCount "58"]
[EventDate "2018.10.21"]
[EventType "team-tourn"]
[EventRounds "9"]
[EventCountry "GER"]
[SourceTitle "EXT 2022"]
[Source "ChessBase"]
[SourceDate "2021.10.06"]
[SourceVersion "1"]
[SourceVersionDate "2021.10.06"]
[SourceQuality "1"]
[WhiteTeam "Stetten"]
[BlackTeam "Wuerzburg II"]
[WhiteTeamCountry "GER"]
[BlackTeamCountry "GER"]

1. d4 d6 2. c4 g6 3. Nc3 Nf6 4. e4 Bg7 5. Nf3 c5 6. Be2 cxd4 7. Nxd4 Nc6 8. Be3 0-0 9. 0-0 Nd7 10. Rb1 Nxd4 11. Bxd4 Bxd4 12. Qxd4 Qb6 13. Rfd1 Qxd4 14. Rxd4 Nb6 15. b4 Be6 16. Nd5 Nxd5 17. exd5 Bf5 18. Re1 Rfc8 19. Bd1 Rc7 20. g4 Bc8 21. c5 Kf8 22. cxd6 exd6 23. Ba4 Bd7 24. Bxd7 Rxd7 25. Rc4 b5 26. Rc6 a5 27. Re4 axb4 28. Rxb4 Rxa2 29. Rxb5 Ra8 1/2-1/2

[Event "Schweinfurt op 26th"]
[Site "Schweinfurt"]
[Date "2016.05.29"]
[Round "6"]
[White "Gould, Charles"]
[Black "Golda, Harald"]
[Result "1/2-1/2"]
[WhiteElo "1974"]
[BlackElo "2316"]
[PlyCount "61"]
[EventDate "2016.05.26"]
[EventType "swiss"]
[EventRounds "7"]
[EventCountry "GER"]
[SourceTitle "CBM 172 Extra"]
[Source "ChessBase"]
[SourceDate "2016.06.21"]
[SourceVersion "1"]
[SourceVersionDate "2016.06.21"]
[SourceQuality "1"]

1. f4 Nf6 2. b3 e6 3. Nf3 Be7 4. Bb2 0-0 5. e3 c5 6. Bd3 b6 7. Nc3 Ba6 8. 0-0 Bxd3 9. cxd3 Nc6 10. Qe2 d6 11. Ne4 Nxe4 12. dxe4 d5 13. exd5 exd5 14. Ne5 Rc8 15. Rac1 Bf6 16. d4 Qd6 17. Ba3 Nb4 18. Qb5 a6 19. Qe2 a5 20. Qb5 Bxe5 21. fxe5 Qh6 22. Qe2 cxd4 23. Bxb4 Rxc1 24. Bxf8 Rxf1+ 25. Kxf1 Kxf8 26. exd4 Qxh2 27. Qg4 g6 28. Qg5 Ke8 29. Qf6 Qh1+ 30. Kf2 Qc1 31. Qxb6 1/2-1/2

[Event "Schweinfurt op 26th"]
[Site "Schweinfurt"]
[Date "2016.05.28"]
[Round "5"]
[White "Gould, Charles"]
[Black "Neubauer, Jaroslaus"]
[Result "1-0"]
[WhiteElo "1974"]
[BlackElo "1986"]
[PlyCount "135"]
[EventDate "2016.05.26"]
[EventType "swiss"]
[EventRounds "7"]
[EventCountry "GER"]
[SourceTitle "CBM 172 Extra"]
[Source "ChessBase"]
[SourceDate "2016.06.21"]
[SourceVersion "1"]
[SourceVersionDate "2016.06.21"]
[SourceQuality "1"]

1. f4 e5 2. fxe5 d6 3. exd6 Bxd6 4. Nf3 Nf6 5. g3 Bg4 6. d4 c6 7. Bg2 Nbd7 8. Nc3 0-0 9. Bg5 Qa5 10. Bxf6 Nxf6 11. 0-0 Rfe8 12. Qd2 Bb4 13. Ne5 c5 14. Nxg4 Nxg4 15. a3 Bxc3 16. Qxc3 Qxc3 17. bxc3 Ne3 18. Rf2 cxd4 19. cxd4 Rac8 20. Bxb7 Rxc2 21. Ba6 g6 22. Rf3 f5 23. h3 Kg7 24. Kf2 Nd5 25. Bd3 Rb2 26. Rc1 Re7 27. Rc5 Nf6 28. Rc2 Rxc2 29. Bxc2 Rc7 30. Bd3 Rc3 31. Bb1 Rc7 32. Rb3 Nd5 33. Bd3 Nb6 34. Bb5 Kf6 35. a4 Ke7 36. a5 Nd5 37. Bd3 Kd6 38. a6 Nb6 39. e4 fxe4 40. Bxe4 Re7 41. Bb7 Kc7 42. Rc3+ Kb8 43. Kf3 h6 44. Rc6 Rg7 45. d5 h5 46. Ke4 Re7+ 47. Kd4 g5 48. Rg6 Re1 49. Rxg5 Nd7 50. Rxh5 Rd1+ 51. Ke3 Kc7 52. g4 Re1+ 53. Kf2 Ra1 54. Rh7 Kd6 55. h4 Ne5 56. g5 Ra3 57. g6 Ng4+ 58. Ke2 Re3+ 59. Kd2 Re8 60. Bc6 Rg8 61. h5 Ke5 62. Rxa7 Kd4 63. Rf7 Ne5 64. Rf4+ Kc5 65. a7 Nxc6 66. dxc6 Kxc6 67. h6 Rxg6 68. a8Q+ 1-0

[Event "Landesliga Nord 1415"]
[Site "Bayern"]
[Date "2015.02.01"]
[Round "6.5"]
[White "Gould, Charles"]
[Black "Heimerdinger, Joerg"]
[Result "1/2-1/2"]
[WhiteElo "1947"]
[BlackElo "2046"]
[PlyCount "76"]
[EventDate "2014.10.19"]
[EventType "team-tourn"]
[EventRounds "9"]
[EventCountry "GER"]
[SourceTitle "EXT 2018"]
[Source "ChessBase"]
[SourceDate "2017.10.13"]
[SourceVersion "1"]
[SourceVersionDate "2017.10.13"]
[SourceQuality "1"]
[WhiteTeam "Wuerzburg"]
[BlackTeam "Bindlach Aktionaer II"]
[WhiteTeamCountry "GER"]
[BlackTeamCountry "GER"]

1. f4 Nf6 2. b3 d5 3. e3 Bf5 4. Nf3 e6 5. Bb2 Bd6 6. Be2 h6 7. 0-0 0-0 8. Ne5 Ne4 9. d3 Nc5 10. Bh5 Nc6 11. Nxc6 bxc6 12. Nd2 f6 13. Nf3 g6 14. g4 Bxd3 15. cxd3 gxh5 16. gxh5 Qe8 17. Nh4 Kh7 18. Ng6 Rg8 19. Kh1 Nd7 20. d4 f5 21. Rc1 Nf6 22. Rg1 Nxh5 23. Qxh5 Rxg6 24. Qxg6+ Qxg6 25. Rxg6 Kxg6 26. Rxc6 a5 27. Bc3 Kf6 28. Kg2 Ke7 29. Be1 Kd7 30. Rc2 a4 31. b4 a3 32. Rc1 Ra4 33. Rb1 Kc6 34. Rb3 Kb5 35. Kg3 Ra6 36. Kh4 Ka4 37. Kh5 Rc6 38. Bc3 Rb6 1/2-1/2

[Event "Schweinfurt op 24th"]
[Site "Schweinfurt"]
[Date "2014.06.22"]
[Round "6"]
[White "Gould, Charles"]
[Black "Markwardt, Sven"]
[Result "1-0"]
[WhiteElo "1963"]
[BlackElo "1779"]
[PlyCount "67"]
[EventDate "2014.06.19"]
[EventType "swiss"]
[EventRounds "7"]
[EventCountry "GER"]
[SourceTitle "CBM 161 Extra"]
[Source "ChessBase"]
[SourceDate "2014.08.29"]
[SourceVersion "1"]
[SourceVersionDate "2014.08.29"]
[SourceQuality "1"]

1. f4 g6 2. Nc3 Bg7 3. e4 d6 4. Nf3 e5 5. fxe5 dxe5 6. Bc4 Nh6 7. d3 0-0 8. Bg5 Qd6 9. Qd2 Ng4 10. h3 Nf6 11. 0-0-0 c6 12. Rdf1 b5 13. Bb3 a5 14. a4 Be6 15. Bxe6 Qxe6 16. axb5 cxb5 17. Nxb5 Qa2 18. Nc3 Qa1+ 19. Nb1 a4 20. Qc3 Nh5 21. Rf2 Na6 22. Qa3 Qxa3 23. Nxa3 Rab8 24. Nc4 f6 25. Be3 Ng3 26. Rd1 Rf7 27. Kd2 Bf8 28. Ra1 Nc5 29. Nh2 Rd7 30. Kc1 Rbd8 31. Kb1 Kg7 32. Ng4 a3 33. Nxa3 Rb7 34. Bh6+ 1-0

[Event "Schweinfurt op 24th"]
[Site "Schweinfurt"]
[Date "2014.06.19"]
[Round "2"]
[White "Gould, Charles"]
[Black "Golda, Harald"]
[Result "0-1"]
[WhiteElo "1963"]
[BlackElo "2345"]
[PlyCount "44"]
[EventDate "2014.06.19"]
[EventType "swiss"]
[EventRounds "7"]
[EventCountry "GER"]
[SourceTitle "CBM 161 Extra"]
[Source "ChessBase"]
[SourceDate "2014.08.29"]
[SourceVersion "1"]
[SourceVersionDate "2014.08.29"]
[SourceQuality "1"]

1. f4 Nf6 2. b3 e6 3. Bb2 b6 4. Nf3 Be7 5. e3 0-0 6. Bd3 d6 7. 0-0 Nbd7 8. Qe1 Bb7 9. Qg3 Nc5 10. Bxh7+ Kxh7 11. Qh3+ Kg8 12. Ng5 Nce4 13. Bxf6 Nxg5 14. fxg5 gxf6 15. gxf6 Bxf6 16. Nc3 Bg7 17. Rf4 f5 18. Raf1 Qg5 19. e4 Rf6 20. exf5 Rxf5 21. Rg4 Rxf1+ 22. Kxf1 Rf8+ 0-1

[Event "Regionalliga NW 1314"]
[Site "Bayern"]
[Date "2014.04.06"]
[Round "9.2"]
[White "Gould, Charles"]
[Black "Lorenz, Mark"]
[Result "0-1"]
[WhiteElo "1923"]
[BlackElo "2117"]
[PlyCount "118"]
[EventDate "2013.10.13"]
[EventType "team-tourn"]
[EventRounds "9"]
[EventCountry "GER"]
[SourceTitle "EXT 2015"]
[Source "ChessBase"]
[SourceDate "2014.11.20"]
[SourceVersion "1"]
[SourceVersionDate "2014.11.20"]
[SourceQuality "1"]
[WhiteTeam "Wuerzburg II"]
[BlackTeam "Marktleuthen"]
[WhiteTeamCountry "GER"]
[BlackTeamCountry "GER"]

1. f4 Nf6 2. b3 g6 3. Nf3 Bg7 4. Bb2 0-0 5. e3 c5 6. Be2 d6 7. 0-0 Nc6 8. c4 b6 9. d4 cxd4 10. exd4 e6 11. Nc3 Ne7 12. Re1 Bb7 13. Bd3 Qd7 14. Qe2 Rfe8 15. Rad1 Nh5 16. g3 Nf6 17. Ne4 Nxe4 18. Bxe4 Bxe4 19. Qxe4 b5 20. c5 Nd5 21. cxd6 Qxd6 22. Ne5 Rac8 23. Rc1 Qa6 24. a3 Rxc1 25. Rxc1 Rc8 26. Qd3 Rxc1+ 27. Bxc1 Qc8 28. Bd2 Bxe5 29. fxe5 Qc6 30. Qe4 Kg7 31. Bg5 h6 32. Bd2 Qc7 33. Qh4 h5 34. Qe4 Qc6 35. Bg5 Ne7 36. Qxc6 Nxc6 37. Be3 a6 38. Kf2 f6 39. exf6+ Kxf6 40. Kf3 Na5 41. b4 Nc4 42. Bc1 Kf5 43. h3 e5 44. g4+ hxg4+ 45. hxg4+ Ke6 46. dxe5 Kxe5 47. Kg3 Ke4 48. Kh4 Kf3 49. Kg5 Ne5 50. Kf6 Nxg4+ 51. Kxg6 Ke4 52. Kf7 Kd3 53. Ke6 Kc2 54. Bf4 Nf2 55. Kd5 Kb3 56. Kc5 Nd3+ 57. Kb6 Nxf4 58. Kxa6 Ka4 59. Kb6 Ne2 0-1

[Event "Schweinfurt op 23rd"]
[Site "Schweinfurt"]
[Date "2013.06.01"]
[Round "5"]
[White "Gould, Charles"]
[Black "Seidens, Udo"]
[Result "0-1"]
[WhiteElo "1969"]
[BlackElo "2237"]
[PlyCount "36"]
[EventDate "2013.05.30"]
[EventType "swiss"]
[EventRounds "7"]
[EventCountry "GER"]
[SourceTitle "CBM 154 Extra"]
[Source "ChessBase"]
[SourceDate "2013.06.25"]
[SourceVersion "2"]
[SourceVersionDate "2013.06.25"]
[SourceQuality "1"]

1. f4 Nf6 2. b3 d5 3. Bb2 g6 4. e3 Bg7 5. Nf3 0-0 6. Be2 c5 7. 0-0 Nc6 8. Qe1 d4 9. Ne5 Nxe5 10. fxe5 Nd5 11. exd4 cxd4 12. Bc4 Bf5 13. c3 dxc3 14. dxc3 Qb6+ 15. Rf2 Ne3 16. Na3 Ng4 17. e6 Bxe6 18. Bxe6 fxe6 0-1

[Event "Regionalliga NW 1213"]
[Site "Bayern"]
[Date "2012.11.25"]
[Round "3.3"]
[White "Rein, Iwan"]
[Black "Gould, Charles"]
[Result "1-0"]
[WhiteElo "2089"]
[BlackElo "1939"]
[PlyCount "72"]
[EventDate "2012.10.14"]
[EventType "team-tourn"]
[EventRounds "9"]
[EventCountry "GER"]
[SourceTitle "EXT 2015"]
[Source "ChessBase"]
[SourceDate "2014.11.20"]
[SourceVersion "1"]
[SourceVersionDate "2014.11.20"]
[SourceQuality "1"]
[WhiteTeam "Kirchenlaibach"]
[BlackTeam "Wuerzburg II"]
[WhiteTeamCountry "GER"]
[BlackTeamCountry "GER"]

1. d4 g6 2. c4 d6 3. Nc3 Bg7 4. e4 Nf6 5. f3 0-0 6. Be3 e5 7. Nge2 c6 8. Qd2 Re8 9. d5 a6 10. 0-0-0 c5 11. g4 b5 12. Ng3 b4 13. Nce2 Bxg4 14. fxg4 Nxg4 15. Kb1 Nd7 16. h4 Nb6 17. Nc1 h5 18. Bg5 Qd7 19. Bd3 Rf8 20. Rdf1 Kh7 21. Qe2 Rab8 22. Rhg1 Rb7 23. Nxh5 gxh5 24. Rf5 f6 25. Bd2 Qe8 26. Qf1 Bh6 27. Bxh6 Kxh6 28. Ne2 Rg7 29. Ng3 Kh7 30. Rxh5+ Kg8 31. Be2 Ne3 32. Qc1 f5 33. Nxf5 Nxf5 34. exf5 Rff7 35. Rhg5 Qd7 36. f6 Rxg5 1-0

[Event "Regionalliga NW 1213"]
[Site "Bayern"]
[Date "2012.10.14"]
[Round "1.4"]
[White "Gould, Charles"]
[Black "Wilfert, Andre"]
[Result "1/2-1/2"]
[WhiteElo "1939"]
[BlackElo "1956"]
[PlyCount "44"]
[EventDate "2012.10.14"]
[EventType "team-tourn"]
[EventRounds "9"]
[EventCountry "GER"]
[SourceTitle "EXT 2015"]
[Source "ChessBase"]
[SourceDate "2014.11.20"]
[SourceVersion "1"]
[SourceVersionDate "2014.11.20"]
[SourceQuality "1"]
[WhiteTeam "Wuerzburg II"]
[BlackTeam "Marktleuthen"]
[WhiteTeamCountry "GER"]
[BlackTeamCountry "GER"]

1. f4 d5 2. b3 Nf6 3. Bb2 Nc6 4. e3 d4 5. Bd3 Bg4 6. Nf3 e5 7. fxe5 Nxe5 8. Bxd4 Nxd3+ 9. cxd3 c5 10. Bb2 Qxd3 11. Qe2 Qxe2+ 12. Kxe2 Be7 13. Nc3 0-0 14. h3 Be6 15. g4 Nd5 16. e4 Nb4 17. d4 cxd4 18. Nxd4 Bd7 19. Rhd1 Bf6 20. a3 Nc6 21. Nd5 Nxd4+ 22. Bxd4 Bd8 1/2-1/2

[Event "Unterfranken-ch M2 63th"]
[Site "Schweinfurt"]
[Date "2012.04.14"]
[Round "9"]
[White "Gould, Charles"]
[Black "Schmitz, Wolfgang"]
[Result "0-1"]
[WhiteElo "1921"]
[BlackElo "1862"]
[PlyCount "72"]
[EventDate "2012.04.09"]
[EventType "swiss"]
[EventRounds "9"]
[EventCountry "GER"]
[SourceTitle "EXT 2015"]
[Source "ChessBase"]
[SourceDate "2014.11.20"]
[SourceVersion "1"]
[SourceVersionDate "2014.11.20"]
[SourceQuality "1"]

1. f4 d5 2. b3 c5 3. e3 Nf6 4. Nf3 Nc6 5. Bb5 Bg4 6. Bb2 a6 7. Bxc6+ bxc6 8. d3 g6 9. h3 Bxf3 10. Qxf3 Bg7 11. Nd2 0-0 12. 0-0 Ne4 13. dxe4 Bxb2 14. Rad1 e6 15. e5 Qa5 16. Qg4 Kg7 17. Qh4 f6 18. e4 Rf7 19. exf6+ Bxf6 20. Qg4 Bd4+ 21. Kh1 Re8 22. e5 Qxa2 23. Nf3 Qxc2 24. Rc1 Qxb3 25. Nxd4 cxd4 26. Rxc6 Qb5 27. Rfc1 d3 28. Rxe6 Rxe6 29. Qxe6 d2 30. Rd1 Qe2 31. Qg4 Qxg4 32. hxg4 Rxf4 33. Rxd2 d4 34. Ra2 d3 35. Rxa6 Rf1+ 36. Kh2 d2 0-1

[Event "Unterfranken-ch M2 63th"]
[Site "Schweinfurt"]
[Date "2012.04.10"]
[Round "3"]
[White "Gould, Charles"]
[Black "Voelker, Joachim"]
[Result "1-0"]
[WhiteElo "1921"]
[BlackElo "1653"]
[PlyCount "39"]
[EventDate "2012.04.09"]
[EventType "swiss"]
[EventRounds "9"]
[EventCountry "GER"]
[SourceTitle "EXT 2015"]
[Source "ChessBase"]
[SourceDate "2014.11.20"]
[SourceVersion "1"]
[SourceVersionDate "2014.11.20"]
[SourceQuality "1"]

1. e4 e6 2. d4 d5 3. e5 c5 4. c3 Nc6 5. Nf3 Bd7 6. a3 f6 7. Bd3 fxe5 8. dxe5 Qc7 9. 0-0 Nxe5 10. Nxe5 Qxe5 11. Re1 Qf6 12. Qh5+ Qf7 13. Qxd5 0-0-0 14. Qe5 Bc6 15. Bc4 Bd5 16. Bg5 Nf6 17. Nd2 Qg6 18. Bxd5 exd5 19. Bf4 Bd6 20. Qe6+ 1-0

[Event "Regionalliga NW 1112"]
[Site "Bayern"]
[Date "2011.10.23"]
[Round "2.4"]
[White "Mittag, Ralf"]
[Black "Gould, Charles"]
[Result "1-0"]
[WhiteElo "2038"]
[BlackElo "1922"]
[PlyCount "39"]
[EventDate "2011.10.02"]
[EventType "team-tourn"]
[EventRounds "9"]
[EventCountry "GER"]
[SourceTitle "EXT 2013"]
[Source "ChessBase"]
[SourceDate "2012.11.22"]
[SourceVersion "1"]
[SourceVersionDate "2012.11.22"]
[SourceQuality "1"]
[WhiteTeam "Bamberg"]
[BlackTeam "Wuerzburg II"]
[WhiteTeamCountry "GER"]
[BlackTeamCountry "GER"]

1. e4 d6 2. d4 Nf6 3. Nc3 g6 4. f4 Bg7 5. Nf3 c5 6. Bb5+ Bd7 7. Bxd7+ Qxd7 8. dxc5 dxc5 9. Be3 b6 10. Qe2 0-0 11. Rd1 Qg4 12. 0-0 Nc6 13. Qc4 Rad8 14. h3 Na5 15. Qa6 Qe6 16. e5 Ra8 17. Rfe1 Ne8 18. Nd5 Nc6 19. Qb7 Rd8 20. Qxc6 1-0

[Event "Unterfranken-ch M2 62th"]
[Site "Gerolzhofen"]
[Date "2011.04.28"]
[Round "6"]
[White "Gould, Charles"]
[Black "Falkenstein, Johannes"]
[Result "1-0"]
[WhiteElo "1922"]
[BlackElo "1510"]
[PlyCount "93"]
[EventDate "2011.04.25"]
[EventType "swiss"]
[EventRounds "9"]
[EventCountry "GER"]
[SourceTitle "EXT 2015"]
[Source "ChessBase"]
[SourceDate "2014.11.20"]
[SourceVersion "1"]
[SourceVersionDate "2014.11.20"]
[SourceQuality "1"]

1. e4 e5 2. Bc4 Bc5 3. Nc3 Nc6 4. d3 d6 5. Nf3 Nf6 6. 0-0 h6 7. h3 a6 8. a4 0-0 9. Ne2 Bd7 10. c3 Re8 11. Ng3 Ba7 12. b4 Ne7 13. Be3 Ng6 14. Qb3 Be6 15. Bxe6 fxe6 16. d4 exd4 17. cxd4 Kh7 18. Rac1 c6 19. b5 axb5 20. axb5 Qd7 21. Ra1 cxb5 22. Ra5 b6 23. Ra6 Rab8 24. d5 exd5 25. exd5 Ne4 26. Nxe4 Rxe4 27. Nd4 Rb7 28. Qd3 Re7 29. Nc6 Rf7 30. Qxb5 Ne5 31. Rfa1 Bb8 32. Ra8 Bc7 33. f4 Ng6 34. Qa6 Nxf4 35. Bxf4 Rxf4 36. Qxb7 Qf7 37. R8a7 Qxd5 38. Qxc7 Qc5+ 39. Kh1 Qc3 40. Qxd6 Rf6 41. Qa3 Qxc6 42. Qd3+ Rg6 43. Qf3 Qc2 44. R7a2 Qc5 45. Rb1 Qc4 46. Rab2 Qc5 47. Qf2 1-0

[Event "Unterfranken-ch M2 62th"]
[Site "Gerolzhofen"]
[Date "2011.04.25"]
[Round "1"]
[White "Gould, Charles"]
[Black "Vogt, Thomas"]
[Result "0-1"]
[WhiteElo "1922"]
[BlackElo "1900"]
[PlyCount "58"]
[EventDate "2011.04.25"]
[EventType "swiss"]
[EventRounds "9"]
[EventCountry "GER"]
[SourceTitle "EXT 2015"]
[Source "ChessBase"]
[SourceDate "2014.11.20"]
[SourceVersion "1"]
[SourceVersionDate "2014.11.20"]
[SourceQuality "1"]

1. e4 e5 2. Bc4 Nf6 3. d3 Bc5 4. Nc3 Nc6 5. f4 d6 6. Nf3 a6 7. f5 Nd4 8. Nxd4 Bxd4 9. Qf3 c6 10. Bg5 b5 11. Bb3 a5 12. a3 Bb7 13. g4 b4 14. Na4 d5 15. Bxf6 gxf6 16. c3 Ba7 17. c4 dxc4 18. dxc4 Bd4 19. c5 Ba6 20. axb4 axb4 21. h4 Bb5 22. g5 Ra7 23. Qh5 Bf2+ 24. Kxf2 Qd2+ 25. Kg3 Be2 26. Qh6 Qe3+ 27. Kh2 Qf2+ 28. Kh3 Bg4+ 29. Kxg4 Qg2+ 0-1

[Event "Oberliga Bayern 1011"]
[Site "Germany"]
[Date "2011.04.10"]
[Round "9.6"]
[White "Promyshlyanskiy, Vitaliy"]
[Black "Gould, Charles"]
[Result "1-0"]
[WhiteElo "2180"]
[BlackElo "1920"]
[PlyCount "33"]
[EventDate "2010.10.10"]
[EventType "team-tourn"]
[EventRounds "9"]
[EventCountry "GER"]
[SourceTitle "EXT 2012"]
[Source "ChessBase"]
[SourceDate "2011.11.24"]
[SourceVersion "1"]
[SourceVersionDate "2011.11.24"]
[SourceQuality "1"]
[WhiteTeam "Nuernberg NT"]
[BlackTeam "Wuerzburg"]
[WhiteTeamCountry "GER"]
[BlackTeamCountry "GER"]

1. e4 d6 2. d4 Nf6 3. Nc3 g6 4. f3 Bg7 5. Be3 0-0 6. Qd2 e5 7. d5 Ne8 8. g4 f5 9. gxf5 gxf5 10. Bg5 Bf6 11. h4 Rf7 12. 0-0-0 Rg7 13. Nh3 a5 14. Bh6 Rg3 15. Ng5 Ng7 16. Ne2 Nh5 17. exf5 1-0

[Event "Regionalliga NW 0910"]
[Site "Bayern"]
[Date "2010.03.21"]
[Round "8.7"]
[White "Kuespert, Helmut"]
[Black "Gould, Charles"]
[Result "1/2-1/2"]
[WhiteElo "1913"]
[BlackElo "1963"]
[PlyCount "104"]
[EventDate "2009.10.18"]
[EventType "team-tourn"]
[EventRounds "9"]
[EventCountry "GER"]
[SourceTitle "EXT 2011"]
[Source "ChessBase"]
[SourceDate "2010.11.26"]
[SourceVersion "1"]
[SourceVersionDate "2010.11.26"]
[SourceQuality "1"]
[WhiteTeam "Marktleuthen"]
[BlackTeam "Wuerzburg II"]
[WhiteTeamCountry "GER"]
[BlackTeamCountry "GER"]

1. e4 d6 2. d4 Nf6 3. Nc3 g6 4. Be3 c6 5. f3 b5 6. Bd3 e5 7. Qd2 Nbd7 8. Nge2 Nb6 9. 0-0 a6 10. dxe5 dxe5 11. Qe1 b4 12. Qf2 Nbd7 13. Na4 Bg7 14. Rad1 Qa5 15. b3 0-0 16. Bc4 Qc7 17. Rd2 Bb7 18. Rfd1 Rad8 19. Nc1 Rfe8 20. Nd3 Bf8 21. g3 Kg7 22. g4 Bd6 23. h4 Rh8 24. Kh2 c5 25. Ndb2 Be7 26. g5 Nh5 27. Nd3 Nf4 28. Bxf4 exf4 29. Kg2 h6 30. gxh6+ Rxh6 31. Rh1 Rdh8 32. Rdd1 Rxh4 33. Rxh4 Rxh4 34. Rh1 Rxh1 35. Kxh1 Nb6 36. Naxc5 Nxc4 37. bxc4 Bc8 38. Qd4+ f6 39. Nb3 a5 40. Kg2 g5 41. Qd5 Qd8 42. Qxa5 Qh8 43. Qa7 Qh3+ 44. Kf2 Qh2+ 45. Ke1 Kf7 46. Qf2 Qh3 47. Qf1 Qd7 48. Qf2 Qa4 49. Ndc1 Be6 50. Qd4 Qc6 51. c5 f5 52. Nd3 Bf6 1/2-1/2

[Event "Regionalliga NW 0910"]
[Site "Bayern"]
[Date "2009.12.13"]
[Round "4.6"]
[White "Gould, Charles"]
[Black "Becker, Alexander1111"]
[Result "1/2-1/2"]
[WhiteElo "1963"]
[BlackElo "1925"]
[PlyCount "41"]
[EventDate "2009.10.18"]
[EventType "team-tourn"]
[EventRounds "9"]
[EventCountry "GER"]
[SourceTitle "EXT 2011"]
[Source "ChessBase"]
[SourceDate "2010.11.26"]
[SourceVersion "1"]
[SourceVersionDate "2010.11.26"]
[SourceQuality "1"]
[WhiteTeam "Wuerzburg II"]
[BlackTeam "Kronach"]
[WhiteTeamCountry "GER"]
[BlackTeamCountry "GER"]

1. e4 c5 2. Nc3 Nc6 3. g3 g6 4. Bg2 Bg7 5. d3 e6 6. f4 Nge7 7. Nf3 d6 8. 0-0 0-0 9. Be3 b6 10. Bf2 Nd4 11. e5 Nxf3+ 12. Bxf3 Rb8 13. exd6 Qxd6 14. Ne4 Qd7 15. Qe2 Ba6 16. Rab1 Nf5 17. Rfe1 Nd4 18. Bxd4 Qxd4+ 19. Kg2 c4 20. dxc4 Bxc4 21. Qe3 1/2-1/2

[Event "Kingston op"]
[Site "Kingston"]
[Date "2000.02.13"]
[Round "5"]
[White "Leger, Manon"]
[Black "Gould, Charles"]
[Result "1-0"]
[WhiteElo "2044"]
[BlackElo "1974"]
[PlyCount "100"]
[EventDate "2000.02.12"]
[EventType "swiss"]
[EventRounds "5"]
[EventCountry "CAN"]
[SourceTitle "EXT 2022"]
[Source "ChessBase"]
[SourceDate "2021.10.06"]
[SourceVersion "1"]
[SourceVersionDate "2021.10.06"]
[SourceQuality "1"]

1. e4 e5 2. Nf3 Nc6 3. Bb5 a6 4. Ba4 Nf6 5. d3 Bc5 6. 0-0 b5 7. Bb3 d6 8. a4 Bg4 9. c3 0-0 10. axb5 axb5 11. Rxa8 Qxa8 12. h3 Bh5 13. Nbd2 Qc8 14. Re1 Kh8 15. Nf1 b4 16. Ng3 Bg6 17. Nh4 bxc3 18. bxc3 Qb7 19. Bc2 d5 20. Ngf5 dxe4 21. dxe4 Qb6 22. Be3 Qa5 23. Qa1 Bxe3 24. Nxg6+ hxg6 25. Nxe3 Ra8 26. Qxa5 Rxa5 27. Bb3 Kg8 28. f3 Ra3 29. Rb1 Na5 30. Bd5 Rxc3 31. Nd1 Nxd5 32. Nxc3 Nxc3 33. Rb8+ Kh7 34. Ra8 Nc6 35. Kf2 Nd4 36. Ke3 g5 37. Kd3 Nce2 38. Ra2 Nf4+ 39. Kc4 Kg6 40. Ra6+ f6 41. Ra2 Kh5 42. g3 Nfe2 43. Ra7 Nxg3 44. Rxc7 Kg6 45. Kd5 Nge2 46. Rb7 Nxf3 47. Kd6 Nf4 48. Ke7 Nd2 49. Kf8 Ne6+ 50. Ke7 Nxe4 1-0